Financial Accounting for Management (Record no. 4623)

MARC details
000 -LEADER
fixed length control field 00339nam a2200145Ia 4500
008 - FIXED-LENGTH DATA ELEMENTS--GENERAL INFORMATION
fixed length control field 191201s2009 xx 000 0 und d
082 ## - DEWEY DECIMAL CLASSIFICATION NUMBER
Classification number 657
Item number GHF
100 ## - MAIN ENTRY--PERSONAL NAME
Personal name GHOSH,T.P
245 #0 - TITLE STATEMENT
Title Financial Accounting for Management
250 ## - EDITION STATEMENT
Edition statement 4th Rev
260 ## - PUBLICATION, DISTRIBUTION, ETC. (IMPRINT)
Place of publication, distribution, etc N. Delhi
Name of publisher, distributor, etc Taxmann,s
Date of publication, distribution, etc 2009
300 ## - PHYSICAL DESCRIPTION
Extent 743
650 ## - SUBJECT ADDED ENTRY--TOPICAL TERM
Topical term or geographic name as entry element BBA
942 ## - ADDED ENTRY ELEMENTS (KOHA)
Source of classification or shelving scheme Dewey Decimal Classification
Koha item type Text Books
Holdings
Withdrawn status Lost status Source of classification or shelving scheme Damaged status Not for loan Collection code Home library Current library Date acquired Source of acquisition Cost, normal purchase price Bill Number Total Checkouts Full call number Acc. no. / Barcode Date last seen Bill Date Koha item type Date last borrowed Checked out Public note
    Dewey Decimal Classification     BBA PIET C-LIBRARY PIET C-LIBRARY 11/08/2010 The book company 425.00 IN-2687   657.3 GHF 16173 04/12/2019 07/08/2010 Text Books      
    Dewey Decimal Classification     BBA PIET C-LIBRARY PIET C-LIBRARY 11/08/2010 The book company 425.00 IN-2687 1 657.3 GHF 16174 21/10/2024 07/08/2010 Text Books 14/10/2024    
    Dewey Decimal Classification     BBA PIET C-LIBRARY PIET C-LIBRARY 11/08/2010 The book company 425.00 IN-2687 1 657.3 GHF 16175 08/10/2024 07/08/2010 Text Books 25/09/2024    
    Dewey Decimal Classification     BBA PIET C-LIBRARY PIET C-LIBRARY 11/08/2010 The book company 425.00 IN-2687 1 657.3 GHF 16176 22/01/2022 07/08/2010 Text Books 22/01/2022 21/07/2022 .
    Dewey Decimal Classification     BBA PIET C-LIBRARY PIET C-LIBRARY 11/08/2010 The book company 425.00 IN-2687 1 657.3 GHF 16177 13/01/2025 07/08/2010 Text Books 09/01/2025    
    Dewey Decimal Classification     BBA PIET C-LIBRARY PIET C-LIBRARY 11/08/2010 The book company 425.00 IN-2687 1 657.3 GHF 16178 27/11/2025 07/08/2010 Text Books 14/11/2025    

Design & Developed by: PIET Central Library
R70 Miles Stone Pattikalyana Samalkha Panipat 132102
mail ID :- [email protected], Phone No:- 0180-2569700 Ex.216